| 000 | 00572nam a2200229Ia 4500 | ||
|---|---|---|---|
| 005 | 20260429112146.0 | ||
| 008 | 260429s9999||||xx |||||||||||||| ||und|| | ||
| 020 | _a9781118354155 | ||
| 041 | _aEnglish | ||
| 082 |
_a616.07 _bMUR |
||
| 100 | _aMurray, Paul G. | ||
| 245 | 0 |
_aBiology of disease / _cPaul G. Murray |
|
| 250 | _a3rd ed. | ||
| 260 |
_aSwitzerland : _bWiley, _c2024. |
||
| 300 | _axix, 598 p.; pbk | ||
| 650 | _a Biology | ||
| 650 | _a Diseases | ||
| 650 | _aPathology | ||
| 700 | _a Dunmore, Simon J. | ||
| 700 | _a Perera, Shantha | ||
| 942 | _cTB | ||
| 999 |
_c52653 _d52653 |
||